| 000 -ლიდერი |
| ფიქსირებული სიგრძის საკონტროლო ველი |
01382nam a2200253Ia 4500 |
| 001 - საკონტროლო ნომერი |
| საკონტროლო ველი |
2223 |
| 003 - საკონტროლო ნომრის იდენტიფიკატორი |
| საკონტროლო ველი |
GE_BSU |
| 005 - ბოლო ოპერაციის თარიღი და დრო |
| საკონტროლო ველი |
20190507114533.0 |
| 008 - ფიქსირებული სიგრძის მონაცემთა ელემენტები - ზოგადი ინფორმაცია |
| ფიქსირებული სიგრძის საკონტროლო ველი |
181216s2006ge xx |||||||||||||| ||geo|| |
| 020 ## - წიგნის საერთაშორისო სტანდარტული ნომერი |
| International Standard Book Number |
9994065661 |
| 040 ## - კატალოგიზაციის წყარო |
| Transcribing agency |
GE_BSU |
| 041 ## - ენის კოდი |
| Language code of text/sound track or separate title |
geo |
| 080 ## - უნივერსალური ათობითი კლასიფიკაციის ინდექსი |
| Universal Decimal Classification number |
37.01 ბ–20 |
| 100 ## - მთავარი ჩანაწერი - პიროვნების სახელი |
| Personal name |
ბალანჩივაძე, იაგორ |
| 9 (RLIN) |
845 |
| 245 ## - ცნობა სათაურის შესახებ |
| Title |
პროექტის წერის უნარ–ჩვევები / |
| Statement of responsibility, etc |
იაგორ ბალანჩივაძე ; რედ.: გიორგი ღავთაძე; აკაკი წერეთლის სახ. უნ-ტი, პედაგოგიკის დეპარტამენტი. |
| 264 ## - წარმოების, გამოცემის, დისტრიბუციის და სხვა ცნობები |
| გამოცემის, წარმოების, დისტრიბუციის... ადგილი |
ქუთაისი : |
| გამოცემის, წარმოების, დისტრიბუციის... სახელწოდება |
ქუთაისის უნ-ტის გამ-ბა, |
| გამოცემის, წარმოების, დისტრიბუციის... თარიღი |
2006 |
| 300 ## - ფიზიკური აღწერა |
| Extent |
136 გვ.; |
| Other physical details |
19 სმ. |
| 653 ## - INDEX TERM--UNCONTROLLED |
| Uncontrolled term |
არასამთავრობო ორგანიზაციები |
| 653 ## - INDEX TERM--UNCONTROLLED |
| Uncontrolled term |
მარკეტინგი |
| 653 ## - INDEX TERM--UNCONTROLLED |
| Uncontrolled term |
გრანტები; პროექტების შედგენა |
| 700 ## - ADDED ENTRY--PERSONAL NAME |
| Personal name |
ღავთაძე, გიორგი |
| Relator term |
რედაქტორი |
| 9 (RLIN) |
846 |
| 710 ## - ADDED ENTRY--CORPORATE NAME |
| Corporate name or jurisdiction name as entry element |
აკაკი წერეთლის სახ. უნივერსიტეტიტი, |
| Subordinate unit |
პედაგოგიკის დეპარტამენტი. |
| 9 (RLIN) |
847 |
| 942 ## - ADDED ENTRY ELEMENTS (KOHA) |
| Koha item type |
წიგნი |
| Source of classification or shelving scheme |
|